Vista normal Vista MARC

Entrada Nombre Personal

Número de registros utilizados en: 1

001 - NUMERO DE CONTROL

  • control field: 27303

003 - IDENTIFICADOR DEL NÚMERO DE CONTROL

  • control field: AR-RoUNA

005 - FECHA Y HORA DE LA ÚLTIMA TRANSACCIÓN

  • control field: 20250728120621.0

008 - ELEMENTOS DE DATOS DE LONGITUD FIJA

  • fixed length control field: 250728|| aca||aabn | a|a d

040 ## - FUENTE DE CATALOGACIÓN

  • Original cataloging agency: AR-RoUNA

100 1# - ENCABEZADO--NOMBRE PERSONAL

  • Nombre personal: Cerda Errázuriz, Emilio de la

370 ## - LUGAR ASOCIADO

  • País asociado: Chile

372 ## - GRUPO ASOCIADO

  • Grupo asociado: Arquitectura
  • Fuente del término: lcsh

373 ## - GRUPO ASOCIADO

  • Grupo asociado: Universidad Católica de Chile
  • Fuente de término: naf

374 ## - OCUPACION

  • Ocupación: College teachers |a Architects
  • Fuente del término: lcsh

375 ## - GENERO

  • Género: Masculino

377 ## - LENGUAJE ASOCIADO

  • Código de lengua: spa

400 1# - REFERENCIA DE ENVIO “VEASE” - NOMBRE PERSONAL

  • Nombre personal: Errázuriz, Emilio de la Cerda

400 1# - REFERENCIA DE ENVIO “VEASE” - NOMBRE PERSONAL

  • Nombre personal: La Cerda Errázuriz, Emilio de

400 1# - REFERENCIA DE ENVIO “VEASE” - NOMBRE PERSONAL

  • Nombre personal: De la Cerda Errázuriz, Emilio

400 1# - REFERENCIA DE ENVIO “VEASE” - NOMBRE PERSONAL

  • Nombre personal: Cerda E., Emilio de la
  • Fuller form of name: (Cerda Errázuriz)

670 ## - FUENTE EN LA QUE SE LOCALIZARON DATOS

  • Cita fuente: Cabezales urbanos, 2005:
  • Información encontrada: title page (Emilio de la Cerda Errazurriz; Tesis, Arquitecto y Licenciado en Arquitectura, Pontificia Universidad Católica de Chile)

670 ## - FUENTE EN LA QUE SE LOCALIZARON DATOS

  • Cita fuente: Riquelme Larenas, Ramiro. De plaza a parque, 2017:
  • Información encontrada: title page (Emilio de la Cerda E.; Profesor guía, Pontificia Universidad Católica de Chile)

670 ## - FUENTE EN LA QUE SE LOCALIZARON DATOS

  • Cita fuente: Wikipedia, website viewed 19 July 2021
  • Información encontrada: (Emilio Pablo de la Cerda Errázuriz; Arquitecto y Político chileno) |u https://es.wikipedia.org/wiki/Emilio_de_la_Cerda